[Event "North Island-ch"]
[Site "Auckland"]
[Date "2022.07.17"]
[Round "9"]
[White "Meng, Harrison Xiang Zhi"]
[Black "Hwang, Ryan"]
[Result "0-1"]
[WhiteElo "1061"]
[BlackElo "1340"]
[PlyCount "94"]
[EventDate "2022.07.14"]
[EventType "swiss"]
[EventRounds "9"]
[EventCountry "NZL"]
[SourceTitle "EXT 2024"]
[Source "ChessBase"]
[SourceDate "2023.10.10"]
[SourceVersion "1"]
[SourceVersionDate "2023.10.10"]
[SourceQuality "1"]

1. d4 d5 2. Nf3 Nc6 3. Bf4 Bf5 4. e3 e6 5. Nbd2 Nb4 6. Rc1 Nxa2 7. Rb1 Nf6 8. c3 Bxb1 9. Qxb1 Nxc3 10. bxc3 Qc8 11. Bd3 h6 12. 0-0 Bd6 13. Bb5+ Nd7 14. Bxd7+ Kxd7 15. Ne5+ Bxe5 16. Bxe5 f6 17. Bg3 c6 18. c4 a6 19. Qb2 b5 20. cxd5 exd5 21. Nb3 a5 22. Nc5+ Ke7 23. Rc1 a4 24. Qc2 a3 25. Nd3 a2 26. Qc5+ Kf7 27. Qc3 Qd7 28. Qb2 Qa7 29. Ra1 Qa3 30. Qxa3 Rxa3 31. Nb4 Rha8 32. Bd6 Rb3 33. g3 Rb1+ 34. Rxb1 axb1Q+ 35. Kg2 Qe4+ 36. f3 Qxe3 37. Bf4 Qxd4 38. Nxc6 Qb2+ 39. Kh3 Ra2 40. Nd8+ Ke8 41. Ne6 Qxh2+ 42. Kg4 g6 43. Nc7+ Kd7 44. Bxh6 Qh5+ 45. Kf4 Qe5+ 46. Kg4 Qf5+ 47. Kh4 Qh5# 0-1